[Event "85th Southwest Open 2019"]
[Site "Dallas"]
[Date "2019.09.02"]
[Round "8.2"]
[White "Gabuzyan, Hovhannes"]
[Black "Stremavicius, Titas"]
[Result "1/2-1/2"]
[WhiteElo "2613"]
[BlackElo "2498"]
[Annotator "TA"]
[PlyCount "148"]
[EventDate "2019.08.29"]
[EventType "swiss"]
[EventCountry "USA"]
[SourceTitle "playchess.com"]
[Source "ChessBase"]
[SourceQuality "1"]

{[%evp 9,148,16,14,10,10,14,10,14,8,12,8,0,16,12,22,14,22,7,14,0,18,0,25,0,0,0,17,14,15,10,7,0,0,0,0,0,0,0,0,-9,-15,-27,-43,-36,-26,-28,-28,-31,-32,-32,-25,-25,-31,-36,-37,-60,-6,-27,-28,-9,0,0,0,0,0,0,0,0,0,0,0,0,140,143,144,151,149,153,150,149,135,142,146,135,139,147,166,164,170,165,167,160,172,141,172,137,133,128,159,122,125,116,143,136,247,242,362,358,339,346,331,306,444,443,407,417,395,343,356,358,532,532,532,515,525,462,461,402,337,75,73,7,7,8,8,0,0,0,0,0,0]} 1. c4 e6 2. Nf3 d5 3. g3 Nf6 4. Bg2 dxc4 5. Qa4+ Bd7 6. Qxc4 {A13: English Opening: 1...e6} c5 7. Ne5 Qc8 8. Qd3 Nc6 9. Nxd7 Nxd7 10. Nc3 (10. b3 Be7 11. Bb2 O-O 12. Nc3 Rd8 13. Rc1 Nf6 {½-½ (45) Cheparinov,I (2711)-Grandelius,N (2678) Germany 2019}) 10... Nb4 11. Qb1 Be7 12. O-O $146 ({Predecessor:} 12. b3 O-O 13. O-O Qc7 {½-½ (32) Kanakaris,G (2401)-Koutoukidis,P (2357) Thessaloniki 2018}) 12... O-O 13. a3 Nc6 14. d3 Nf6 15. Be3 Qd7 16. Rc1 Ng4 17. Bf4 Rac8 18. h3 Nf6 19. b4 {[%cal Bb2b4,Bb4b5][%mdl 32]} b6 {[%cal Rc5b4]} 20. b5 Na5 21. Ne4 Nd5 22. Bd2 f5 23. Nc3 Nxc3 24. Bxc3 Bf6 25. Qa2 Bxc3 26. Rxc3 Kh8 27. a4 Rcd8 28. e3 $1 e5 29. Qe2 Rf6 30. Re1 Qf7 31. Kh2 Rfd6 32. Qf3 Qf6 (32... Rxd3 33. Rxd3 Rxd3 34. Qa8+ Qg8 35. Qxa7 $16) (32... h6 $15) 33. e4 $1 $11 f4 34. gxf4 Qxf4+ 35. Qxf4 exf4 36. e5 Re6 37. Re4 {aiming for d4.} g5 38. h4 Rh6 39. Kg1 Rxh4 40. e6 Kg7 {[#]} (40... Rh6 $11 {keeps the balance.}) 41. d4 $1 $16 {[%mdl 512]} Kf6 ({Of course not} 41... Rxd4 $6 42. Rxd4 cxd4 43. Rc7+ Kf8 44. Rxa7 $11) (41... cxd4 $2 42. Rc7+ Kg6 43. e7 (43. Rxa7 f3 $14)) (41... cxd4 42. Rc7+) 42. e7 $36 {[%mdl 2048] White is on the roll.} Re8 43. dxc5 bxc5 44. Rxc5 f3 45. Rxh4 $1 gxh4 46. Bxf3 Rxe7 {[%mdl 4096] Endgame KRB-KRN} 47. Rh5 Rg7+ 48. Kh2 Nb3 49. Rxh4 Ke5 50. Bg2 Rf7 51. Kg1 Rg7 52. Kh1 Rc7 53. Rb4 Rc3 54. Re4+ Kd6 55. Rh4 {Strongly threatening Rh6+.} Rc1+ 56. Kh2 Ra1 (56... Rc7 $16 57. f4 Rf7) 57. Rh6+ $1 $18 Ke5 (57... Kc5 $142 58. Ra6 (58. Rxh7 Rxa4 59. Rh5+ Kb6 $14) 58... Ra2) 58. Ra6 ({Not} 58. Rxh7 Rxa4 59. Kg3 Nd4 $16) 58... Nc5 59. Rxa7 Rxa4 60. Rxh7 Ra2 (60... Rf4 {was called for.} 61. Rh5+ Kd4) 61. Rh5+ $1 Kd4 62. Kg3 Ra3+ 63. Kg4 Ra2 {[#]} 64. Rf5 $1 Rb2 (64... Nd3 $142 65. Kg3 Rb2) 65. Bc6 Nd3 66. f4 Rb1 67. Rf8 Rg1+ 68. Kh5 Ke3 {[#]} 69. f5 $2 (69. Kh4 $1 $18 {and the rest is easy.}) 69... Kf4 70. f6 ({White should play} 70. Kh6 $16 {Threatens to win with b6.} Ne5 71. Be8) 70... Ne5 $11 {The position is equal.} 71. Kh6 Kf5 72. Kh7 Rg3 73. Rg8 Rxg8 74. Kxg8 Kxf6 {Accuracy: White = 66%, Black = 64%.} 1/2-1/2

[Event "85th Southwest Open 2019"]
[Site "Dallas"]
[Date "2019.09.02"]
[Round "8.3"]
[White "Hilby, Craig"]
[Black "Stukopin, Andrey"]
[Result "1/2-1/2"]
[WhiteElo "2396"]
[BlackElo "2564"]
[Annotator "TA"]
[PlyCount "71"]
[EventDate "2019.08.29"]
[EventType "swiss"]
[EventCountry "USA"]
[SourceTitle "playchess.com"]
[Source "ChessBase"]
[SourceQuality "1"]

{[%evp 14,71,41,27,34,0,10,0,0,0,0,0,0,8,13,4,8,-8,0,-4,-2,-7,0,0,0,0,0,0,-8,0,14,14,16,8,53,0,0,0,25,0,0,12,29,19,59,27,20,37,20,20,27,20,20,22,35,16,9,8,33,22]} 1. e4 c5 2. Nf3 e6 3. d4 cxd4 4. Nxd4 Nc6 5. Nc3 Qc7 6. g3 a6 7. Bg2 Nf6 8. O-O h5 {B47: Sicilian: Taimanov: 5 Nc3 Qc7 6 f4, 6 g3 and 6 Be2} 9. Nxc6 dxc6 10. e5 Qxe5 {The position is equal.} 11. Re1 $146 ({Predecessor:} 11. Bf4 Qa5 12. Re1 Be7 13. Re5 Qb6 14. Na4 Qd8 15. Qe2 Nd5 16. Rd1 {0-1 (46) Piorun,K (2634)-Yilmaz,M (2636) St Petersburg 2018}) 11... Qd6 12. Qf3 Qc7 13. Bf4 Bd6 14. Bxd6 Qxd6 15. Ne4 Nxe4 16. Rxe4 Qe7 17. Rd1 f6 18. Rh4 $36 {[%mdl 2048] White has good play.} g6 19. Rhd4 $1 {[%cal Rd4d8] [#] aiming for Rd8+!} Kf7 20. Qb3 Kg7 21. Bh3 a5 ({But not} 21... e5 $2 {[#]} 22. Rd7 $1 $18 {[%mdl 512]}) 22. Rd6 {[%cal Rh3e6]} a4 23. Qe3 Re8 24. c4 (24. R1d3 $1 $14) 24... Qf7 $11 25. Qb6 Ra6 26. Qc5 Qc7 27. Qa3 Ra5 28. c5 Ra8 29. R1d4 Qf7 {Strongly threatening ...e5.} 30. Rxa4 Rxa4 31. Qxa4 e5 32. Bxc8 Rxc8 33. Qd1 {Black must now prevent Rd7!} Rc7 34. b3 Re7 35. h4 f5 36. Qd3 {Accuracy: White = 68%, Black = 59%.} 1/2-1/2

[Event "85th Southwest Open 2019"]
[Site "Dallas"]
[Date "2019.09.02"]
[Round "8.4"]
[White "Wang, Justin"]
[Black "Shtembuliak, Evgeny"]
[Result "0-1"]
[WhiteElo "2449"]
[BlackElo "2548"]
[Annotator "ChessBase"]
[PlyCount "90"]
[EventDate "2019.08.29"]
[EventType "swiss"]
[EventCountry "USA"]
[SourceTitle "playchess.com"]
[Source "ChessBase"]
[SourceQuality "1"]
[TimeControl "5400+30"]

1. e4 {[%emt 0:04:28]} d6 {[%emt 0:00:27]} 2. d4 {[%emt 0:00:31]} Nf6 {[%emt 0:00:05]} 3. Nc3 {[%emt 0:00:04]} g6 {[%emt 0:00:06]} 4. Nf3 {[%emt 0:00:46]} Bg7 {[%emt 0:00:05]} 5. Be2 {[%emt 0:00:07]} O-O {[%emt 0:00:04]} 6. O-O {[%emt 0:00:08]} a6 {[%emt 0:00:03]} 7. a3 {[%emt 0:02:30]} Nc6 {[%emt 0:02:40]} 8. Bg5 {[%emt 0:02:41]} Bg4 {[%emt 0:04:18]} 9. d5 {[%emt 0:03:24]} Bxf3 {[%emt 0:00:27]} 10. Bxf3 {[%emt 0:00:16]} Ne5 {[%emt 0:00:05]} 11. Be2 {[%emt 0:03:02]} c6 {[%emt 0:01:01]} 12. Be3 {[%emt 0:03:50]} cxd5 {[%emt 0:02:26]} 13. exd5 {[%emt 0:03:05]} Rc8 {[%emt 0:15:31]} 14. Bd4 {[%emt 0:00:22]} Qc7 {[%emt 0:08:55]} 15. Re1 {[%emt 0:01:13]} Rfe8 {[%emt 0:01:26]} 16. Bf1 {[%emt 0:02:54]} Nfd7 {[%emt 0:02:25]} 17. Rb1 {[%emt 0:11:13]} Bf6 {[%emt 0:24:57]} 18. Re4 {[%emt 0:03:59]} Nc5 {[%emt 0:04:32]} 19. Re3 {[%emt 0:00:48]} b5 {[%emt 0:00:06]} 20. Rh3 {[%emt 0:02:45]} Qb7 {[%emt 0:11:51]} 21. Qd2 {[%emt 0:03:33]} b4 {[%emt 0:01:39]} 22. axb4 {[%emt 0:03:33]} Qxb4 {[%emt 0:00:02]} 23. Bxe5 {[%emt 0:00:47]} Bxe5 {[%emt 0:02:01]} 24. Qh6 {[%emt 0:00:21]} Nd7 {[%emt 0:03:28]} 25. Qxh7+ {[%emt 0:00:35]} Kf8 {[%emt 0:00:02]} 26. Rh4 {[%emt 0:07:13]} Qb6 {[%emt 0:00:42]} 27. Ne4 {[%emt 0:03:03]} Rxc2 {[%emt 0:02:23]} 28. Bd3 {[%emt 0:02:23]} Rxb2 {[%emt 0:00:04]} 29. Rf1 {[%emt 0:00:56]} Bg7 {[%emt 0:01:21]} 30. Rf4 {[%emt 0:03:14]} Nf6 {[%emt 0:00:26]} 31. Qh4 {[%emt 0:00:58]} a5 {[%emt 0:02:11]} 32. Ng5 {[%emt 0:01:11]} Rb4 {[%emt 0:00:16]} 33. Nxf7 {[%emt 0:09:18]} Rxf4 {[%emt 0:04:18]} 34. Qxf4 {[%emt 0:00:04]} Kxf7 {[%emt 0:00:06]} 35. Qg3 {[%emt 0:01:18]} Ra8 {[%emt 0:00:52]} 36. Bxg6+ {[%emt 0:00:47]} Kf8 {[%emt 0:00:15]} 37. Re1 {[%emt 0:02:15]} Qd4 {[%emt 0:01:21]} 38. Qh3 {[%emt 0:04:26]} Qxd5 {[%emt 0:00:56]} 39. g4 {[%emt 0:00:19]} Qd2 {[%emt 0:02:30]} 40. Re3 {[%emt 0:00:11]} Qd1+ {[%emt 0:00:26]} 41. Kg2 {[%emt 0:00:34]} Qxg4+ {[%emt 0:00:11]} 42. Qxg4 {[%emt 0:00:54]} Nxg4 {[%emt 0:00:02]} 43. Rh3 {[%emt 0:00:14]} a4 {[%emt 0:00:40]} 44. Bf5 {[%emt 0:00:20]} a3 {[%emt 0:00:20]} 45. Rf3 {[%emt 0:00:21]} Ne5 {[%emt 0:00:17]} 0-1

[Event "85th Southwest Open 2019"]
[Site "Dallas"]
[Date "2019.09.02"]
[Round "8.5"]
[White "Belous, Vladimir"]
[Black "Matsenko, Sergei"]
[Result "1/2-1/2"]
[WhiteElo "2497"]
[BlackElo "2521"]
[Annotator "TA"]
[PlyCount "150"]
[EventDate "2019.08.29"]
[EventType "swiss"]
[EventCountry "USA"]
[SourceTitle "playchess.com"]
[Source "ChessBase"]
[SourceQuality "1"]

{[%evp 16,149,0,0,16,13,6,-7,0,0,0,0,18,0,0,0,0,0,0,-2,-3,-11,0,0,0,0,5,0,0,0,0,0,0,0,0,0,0,0,0,0,0,0,0,0,0,0,0,0,0,0,0,0,0,0,0,0,0,0,0,0,47,0,0,0,0,0,0,0,0,0,0,0,0,-109,0,0,0,0,0,-181,-191,-591,-451,-277,-283,-765,-43,-332,-400,-472,-472,-858,-570,-1129,-305,-305,-305,-305,-305,-305,-305,-305,-305,-305,-305,-305,-305,-305,-305,-305,-305,-305,-305,-305,-305,-305,-305,-305,-305,-305,-305,-305,-305,-305,-8,-8,-8,-8,-8,-8,-8,-8,-8,-8,-8,-8]} 1. c4 Nf6 2. Nf3 e6 3. g3 b6 4. Bg2 Bb7 5. O-O c5 6. b3 Be7 7. Bb2 O-O 8. e3 d5 9. Nc3 Qc8 {A14: English Opening: 1...e6 with b3 by White} 10. Qe2 Rd8 11. Ne5 (11. cxd5 Nxd5 12. Rfd1 Nc6 13. d4 Nxc3 14. Bxc3 cxd4 15. Bxd4 Nxd4 16. Nxd4 Bxg2 17. Kxg2 {½-½ (36) Duda,J (2731)-Shankland,S (2731) Prague 2019}) 11... Nc6 12. f4 d4 {...Nxe5 is the strong threat.} 13. Nd1 $146 ({Predecessor:} 13. Bxc6 Bxc6 14. Nxc6 Qxc6 15. Nd1 dxe3 16. Nxe3 Qe4 17. Rad1 {½-½ (56) Gombocz,F (2301)-Bartos,J (2153) Pardubice 2018}) 13... Qc7 14. Nd3 (14. Nf2 {keeps more tension.} Nb4 15. Bxb7 Qxb7 16. a3 Nc6 17. Qf3) 14... dxe3 15. dxe3 Nb4 16. Bxb7 Qxb7 17. Nxb4 cxb4 18. Nf2 Rd7 19. Rad1 Rad8 20. Rxd7 Rxd7 21. Rd1 Rxd1+ 22. Qxd1 Nd7 23. Qd2 a5 24. Bd4 f6 25. Qd3 Nc5 26. Bxc5 Bxc5 27. Ne4 Qc7 28. Kf2 f5 29. Ng5 Qe7 30. Nf3 h6 31. h3 Qd6 32. Qxd6 (32. Qe2 {is interesting.} Qd8 33. Kg2 Qf6 34. Ne5 Bd6 35. Nd3) 32... Bxd6 $11 {[%mdl 4096] Endgame KB-KN} 33. Nd4 Kf7 34. Kf3 g6 35. g4 Kf6 36. Nc6 Bc5 37. Ne5 Kg7 38. e4 Bd4 39. Nc6 Bc5 40. Ne5 Bd4 41. Nd3 Kf6 42. Ne1 Bc5 43. Nc2 e5 44. Ne1 (44. gxf5 $11 {keeps the balance.} gxf5 45. Ne1) 44... exf4 (44... fxg4+ $17 45. hxg4 exf4) 45. exf5 gxf5 46. Nd3 Bd6 47. Nxf4 $2 (47. Kf2 $11) 47... fxg4+ $19 48. hxg4 $2 (48. Kxg4 Ke5 49. Kf3) 48... Ke5 49. Nd5 Bc5 $1 50. Ne3 $2 (50. Nf4) 50... Be7 $2 (50... Kd4 $1 $19 {Hoping for ...Kc3.} 51. Nf5+ Kc3 52. Nxh6 Kb2) 51. Nc2 $2 {[%mdl 8192]} (51. Nd5 $15 Bc5 52. Ke2) 51... Bg5 52. Ke2 Ke4 53. a3 (53. Ne1 $142 Kf4 54. Kf1) 53... bxa3 {aiming for ...a2.} 54. Nxa3 Kf4 $2 (54... Be3 55. Nb5 Bc5 56. Nc3+ Kf4 57. Nd5+ Kxg4 58. Nf6+ Kf5) 55. c5 bxc5 {[%cal Bb6c5,Bc5c4][%mdl 32]} 56. Nc4 Bd8 $1 ({Don't do} 56... Kxg4 57. Nxa5 Kg3 58. Kf1 $19) 57. Ne3 Ke4 $1 58. Nf5 Bg5 $1 59. Nd6+ {[#]} Kd4 $1 {[%cal Rd4c3]} 60. Nb7 {[#]} c4 $1 {[%cal Rc4b3]} 61. Nxa5 c3 {( -> ...c2)} 62. Nc6+ Kc5 63. Kd3 Kxc6 64. Kxc3 {KB-KPP} Kd5 65. Kd3 Ke5 {White must now prevent ...Kf4.} 66. Ke2 Kf4 {Strongly threatening ...Kg3.} 67. Kf2 Be7 68. b4 Bxb4 69. Kg2 Kxg4 $2 (69... Bc5 $19 {And now ...Bf8 would win.} 70. Kh2 Kf3) 70. Kg1 {The position is equal.} h5 71. Kg2 h4 72. Kg1 Kg3 73. Kh1 h3 74. Kg1 h2+ 75. Kh1 Kh3 {Accuracy: White = 50%, Black = 61%.} 1/2-1/2

[Event "85th Southwest Open 2019"]
[Site "Dallas"]
[Date "2019.09.02"]
[Round "8.6"]
[White "Berczes, David"]
[Black "Beradze, Irakli"]
[Result "0-1"]
[WhiteElo "2488"]
[BlackElo "2493"]
[Annotator "RC"]
[PlyCount "62"]
[EventDate "2019.08.29"]
[EventType "swiss"]
[EventCountry "USA"]
[SourceTitle "playchess.com"]
[Source "ChessBase"]
[SourceQuality "1"]
[TimeControl "5400+30"]

1. Nf3 {[%emt 0:00:00]} d5 {[%emt 0:00:00]} 2. c4 {[%emt 0:00:00]} d4 {[%emt 0:04:41]} 3. b4 {[%emt 0:00:00]} f6 {[%emt 0:00:50]} 4. e3 {[%emt 0:00:00]} dxe3 {[%emt 0:02:33]} 5. fxe3 {[%emt 0:00:05]} e5 {[%emt 0:00:04]} 6. c5 {[%emt 0:00:47]} a5 {[%emt 0:08:56]} 7. Bb5+ {[%emt 0:29:20]} Bd7 {[%emt 0:22:48]} 8. Bc4 {[%emt 0:14:49]} axb4 {[%emt 0:04:55]} 9. O-O {[%emt 0:12:02]} Qe7 {[%emt 0:05:25]} 10. d4 {[%emt 0:03:16]} Nc6 {[%emt 0:00:19]} 11. a3 {[%emt 0:03:13]} e4 {[%emt 0:05:18]} 12. Nfd2 {[%emt 0:04:41]} f5 {[%emt 0:08:37]} 13. Bb2 {[%emt 0:07:05]} Nf6 {[%emt 0:00:49]} 14. axb4 {[%emt 0:11:59]} Rxa1 {[%emt 0:01:19]} 15. Bxa1 {[%emt 0:00:04]} Ng4 {[%emt 0:07:17]} 16. Qe1 {[%emt 0:01:08]} Nxb4 {[%emt 0:02:37]} 17. Na3 {[%emt 0:00:12]} Qg5 {[%emt 0:05:09]} 18. Rf4 {[%emt 0:00:41]} Be7 {[%emt 0:00:15]} 19. Bc3 {[%emt 0:07:40]} Nd3 {[%emt 0:01:03]} 20. Bxd3 {[%emt 0:00:18]} exd3 {[%emt 0:00:04]} 21. Nac4 {[%emt 0:01:35]} O-O {[%emt 0:04:54]} 22. h3 {[%emt 0:01:24]} Nf6 {[%emt 0:00:09]} 23. Ne5 {[%emt 0:00:40]} Be6 {[%emt 0:00:59]} 24. Bb2 {[%emt 0:00:26]} Nd5 {[%emt 0:00:39]} 25. Rf3 {[%emt 0:00:03]} f4 {[%emt 0:00:36]} 26. Ne4 {[%emt 0:00:51]} d2 {[%emt 0:01:28]} 27. Qe2 {[%emt 0:00:38]} Qh4 {[%emt 0:03:34]} 28. Nxd2 {[%emt 0:00:19]} Nxe3 {[%emt 0:00:33]} 29. Ndc4 {[%emt 0:00:30]} Nxc4 {[%emt 0:00:57]} 30. Nxc4 {[%emt 0:00:04]} Bd5 {[%emt 0:00:03]} 31. Rf1 {[%emt 0:00:35]} f3 {[%emt 0:00:25]} 0-1

[Event "85th Southwest Open 2019"]
[Site "Dallas"]
[Date "2019.09.02"]
[Round "8.7"]
[White "Javakhadze, Zurab"]
[Black "Popilski, Gil"]
[Result "1/2-1/2"]
[WhiteElo "2441"]
[BlackElo "2468"]
[Annotator "ChessBase"]
[PlyCount "72"]
[EventDate "2019.08.29"]
[EventType "swiss"]
[EventCountry "USA"]
[SourceTitle "playchess.com"]
[Source "ChessBase"]
[SourceQuality "1"]
[TimeControl "5400+30"]

1. d4 {[%emt 0:01:34]} d5 {[%emt 0:02:00]} 2. c4 {[%emt 0:01:27]} dxc4 {[%emt 0:00:09]} 3. e3 {[%emt 0:03:50]} Nf6 {[%emt 0:00:56]} 4. Nf3 {[%emt 0:00:42]} e6 {[%emt 0:00:13]} 5. Bxc4 {[%emt 0:00:06]} c5 {[%emt 0:00:04]} 6. O-O {[%emt 0:00:22]} a6 {[%emt 0:00:04]} 7. dxc5 {[%emt 0:01:10]} Bxc5 {[%emt 0:00:23]} 8. Qxd8+ {[%emt 0:01:38]} Kxd8 {[%emt 0:00:03]} 9. a3 {[%emt 0:00:51]} Ke7 {[%emt 0:00:47]} 10. b4 {[%emt 0:01:25]} Bd6 {[%emt 0:00:10]} 11. Bb2 {[%emt 0:00:08]} Nbd7 {[%emt 0:00:17]} 12. Nbd2 {[%emt 0:01:21]} b5 {[%emt 0:00:07]} 13. Be2 {[%emt 0:02:52]} Bb7 {[%emt 0:00:10]} 14. Rac1 {[%emt 0:01:43]} Rhc8 {[%emt 0:00:44]} 15. Nb3 {[%emt 0:02:10]} Rxc1 {[%emt 0:02:56]} 16. Rxc1 {[%emt 0:03:03]} Rc8 {[%emt 0:00:04]} 17. Rxc8 {[%emt 0:00:57]} Bxc8 {[%emt 0:00:02]} 18. Nfd4 {[%emt 0:02:42]} Nb6 {[%emt 0:01:46]} 19. f3 {[%emt 0:02:16]} Nfd5 {[%emt 0:04:58]} 20. Kf2 {[%emt 0:01:11]} f6 {[%emt 0:04:23]} 21. e4 {[%emt 0:01:52]} Nf4 {[%emt 0:00:07]} 22. Bf1 {[%emt 0:00:30]} e5 {[%emt 0:00:26]} 23. Nc6+ {[%emt 0:00:28]} Ke8 {[%emt 0:00:28]} 24. g3 {[%emt 0:00:21]} Ng6 {[%emt 0:00:50]} 25. Bc1 {[%emt 0:01:00]} Ne7 {[%emt 0:00:24]} 26. Nxe7 {[%emt 0:00:24]} Kxe7 {[%emt 0:00:20]} 27. Be3 {[%emt 0:00:39]} Nc4 {[%emt 0:00:40]} 28. Bxc4 {[%emt 0:01:16]} bxc4 {[%emt 0:00:02]} 29. Nc5 {[%emt 0:00:47]} Bxc5 {[%emt 0:00:06]} 30. bxc5 {[%emt 0:00:46]} Kd7 {[%emt 0:00:23]} 31. Ke2 {[%emt 0:00:12]} Kc6 {[%emt 0:00:07]} 32. Kd2 {[%emt 0:01:58]} Bh3 {[%emt 0:01:06]} 33. Kc3 {[%emt 0:00:18]} Bg2 {[%emt 0:00:40]} 34. f4 {[%emt 0:00:09]} exf4 {[%emt 0:00:11]} 35. gxf4 {[%emt 0:00:08]} Bxe4 {[%emt 0:00:07]} 36. Kxc4 {[%emt 0:00:08]} Bf5 {[%emt 0:00:05]} 1/2-1/2

[Event "85th Southwest Open 2019"]
[Site "Dallas"]
[Date "2019.09.02"]
[Round "8.8"]
[White "Mishra, Abhimanyu"]
[Black "Sorokin, Aleksey"]
[Result "0-1"]
[WhiteElo "2377"]
[BlackElo "2514"]
[Annotator "ChessBase"]
[PlyCount "174"]
[EventDate "2019.08.29"]
[EventType "swiss"]
[EventCountry "USA"]
[SourceTitle "playchess.com"]
[Source "ChessBase"]
[SourceQuality "1"]
[TimeControl "5400+30"]

1. e4 {[%emt 0:00:23]} c6 {[%emt 0:00:03]} 2. d4 {[%emt 0:00:02]} d5 {[%emt 0:00:11]} 3. e5 {[%emt 0:00:01]} Bf5 {[%emt 0:00:10]} 4. Nf3 {[%emt 0:00:02]} e6 {[%emt 0:00:24]} 5. Be2 {[%emt 0:00:03]} Ne7 {[%emt 0:00:09]} 6. O-O {[%emt 0:01:05]} c5 {[%emt 0:00:10]} 7. Be3 {[%emt 0:06:11]} Nec6 {[%emt 0:02:25]} 8. c4 {[%emt 0:14:51]} dxc4 {[%emt 0:00:45]} 9. Bxc4 {[%emt 0:01:55]} cxd4 {[%emt 0:01:10]} 10. Nxd4 {[%emt 0:06:21]} Nxd4 {[%emt 0:00:33]} 11. Bxd4 {[%emt 0:01:43]} a6 {[%emt 0:04:34]} 12. Bc3 {[%emt 0:03:55]} Nc6 {[%emt 0:01:01]} 13. a3 {[%emt 0:02:37]} Bc5 {[%emt 0:01:30]} 14. Nd2 {[%emt 0:04:07]} Bd4 {[%emt 0:03:09]} 15. Re1 {[%emt 0:07:15]} Bxc3 {[%emt 0:02:36]} 16. bxc3 {[%emt 0:00:06]} O-O {[%emt 0:01:22]} 17. Nf3 {[%emt 0:05:52]} Bg4 {[%emt 0:00:51]} 18. Bd3 {[%emt 0:04:53]} Rc8 {[%emt 0:01:59]} 19. Be4 {[%emt 0:05:32]} Bxf3 {[%emt 0:01:10]} 20. Qxf3 {[%emt 0:03:09]} g6 {[%emt 0:00:13]} 21. Qf4 {[%emt 0:03:22]} Qc7 {[%emt 0:01:55]} 22. Bf3 {[%emt 0:03:28]} Na5 {[%emt 0:01:22]} 23. Rac1 {[%emt 0:02:52]} Nc4 {[%emt 0:01:45]} 24. a4 {[%emt 0:01:02]} f6 {[%emt 0:01:48]} 25. Qg4 {[%emt 0:01:19]} f5 {[%emt 0:01:04]} 26. Qf4 {[%emt 0:00:43]} Rfd8 {[%emt 0:01:33]} 27. Rb1 {[%emt 0:03:14]} b6 {[%emt 0:02:16]} 28. Be2 {[%emt 0:01:13]} Nd2 {[%emt 0:00:18]} 29. Rbd1 {[%emt 0:02:58]} Ne4 {[%emt 0:01:15]} 30. Bxa6 {[%emt 0:02:03]} Rxd1 {[%emt 0:00:06]} 31. Rxd1 {[%emt 0:00:02]} Rd8 {[%emt 0:00:06]} 32. Rxd8+ {[%emt 0:02:20]} Qxd8 {[%emt 0:00:05]} 33. Qe3 {[%emt 0:05:01]} Qc7 {[%emt 0:01:59]} 34. Qd4 {[%emt 0:00:56]} Kf7 {[%emt 0:01:52]} 35. Bc4 {[%emt 0:03:47]} Nc5 {[%emt 0:00:10]} 36. Bb5 {[%emt 0:01:47]} h6 {[%emt 0:00:56]} 37. f3 {[%emt 0:00:53]} Nb3 {[%emt 0:01:07]} 38. Qd6 {[%emt 0:01:08]} Qxd6 {[%emt 0:03:22]} 39. exd6 {[%emt 0:00:03]} g5 {[%emt 0:01:06]} 40. Kf2 {[%emt 0:01:05]} Nc5 {[%emt 0:00:31]} 41. Ke3 {[%emt 0:00:31]} e5 {[%emt 0:00:10]} 42. c4 {[%emt 0:00:29]} Ke6 {[%emt 0:00:46]} 43. d7 {[%emt 0:00:21]} Ke7 {[%emt 0:02:26]} 44. Bc6 {[%emt 0:00:25]} Kd8 {[%emt 0:01:04]} 45. g4 {[%emt 0:00:36]} f4+ {[%emt 0:00:28]} 46. Kd2 {[%emt 0:00:17]} Kc7 {[%emt 0:02:50]} 47. Kc3 {[%emt 0:00:43]} Nxd7 {[%emt 0:01:37]} 48. Bd5 {[%emt 0:00:35]} Kd6 {[%emt 0:02:10]} 49. h3 {[%emt 0:00:33]} Kc5 {[%emt 0:01:08]} 50. Be6 {[%emt 0:00:31]} Nf6 {[%emt 0:00:32]} 51. Bf5 {[%emt 0:00:28]} Ne8 {[%emt 0:00:53]} 52. Be4 {[%emt 0:00:22]} Nc7 {[%emt 0:00:44]} 53. Bf5 {[%emt 0:00:35]} Na6 {[%emt 0:00:37]} 54. Be4 {[%emt 0:00:28]} Nb4 {[%emt 0:01:24]} 55. Bb1 {[%emt 0:00:31]} Nc6 {[%emt 0:00:46]} 56. Be4 {[%emt 0:00:23]} Nd4 {[%emt 0:00:32]} 57. Bd5 {[%emt 0:00:39]} Ne2+ {[%emt 0:01:10]} 58. Kd2 {[%emt 0:00:26]} Ng3 {[%emt 0:00:33]} 59. Kd3 {[%emt 0:00:38]} Kd6 {[%emt 0:01:18]} 60. Bb7 {[%emt 0:00:30]} Nf1 {[%emt 0:01:22]} 61. Ke2 {[%emt 0:00:23]} Ne3 {[%emt 0:00:48]} 62. Kd3 {[%emt 0:00:08]} Nd1 {[%emt 0:00:37]} 63. Kc2 {[%emt 0:00:25]} Nf2 {[%emt 0:00:12]} 64. Kd2 {[%emt 0:00:17]} Kc5 {[%emt 0:00:19]} 65. Ke2 {[%emt 0:00:31]} Nh1 {[%emt 0:00:53]} 66. Kd3 {[%emt 0:00:08]} Ng3 {[%emt 0:00:32]} 67. Bd5 {[%emt 0:00:27]} Nf1 {[%emt 0:01:12]} 68. Bb7 {[%emt 0:00:19]} Ne3 {[%emt 0:00:31]} 69. Ba6 {[%emt 0:00:18]} Kc6 {[%emt 0:01:30]} 70. Ke4 {[%emt 0:00:53]} Kd6 {[%emt 0:00:20]} 71. Kd3 {[%emt 0:00:40]} Nd1 {[%emt 0:00:46]} 72. Kd2 {[%emt 0:01:07]} Nb2 {[%emt 0:06:46]} 73. Bb5 {[%emt 0:00:23]} Kc5 {[%emt 0:00:27]} 74. Kc3 {[%emt 0:00:07]} Nd1+ {[%emt 0:06:04]} 75. Kd2 {[%emt 0:00:30]} Ne3 {[%emt 0:00:20]} 76. Kd3 {[%emt 0:00:37]} Kb4 {[%emt 0:35:12]} 77. Ba6 {[%emt 0:00:57]} Kxa4 {[%emt 0:00:00]} 78. Bb5+ {[%emt 0:00:43]} Kb4 {[%emt 0:00:00]} 79. Ba6 {[%emt 0:00:10]} Kc5 {[%emt 0:00:00]} 80. Bb5 {[%emt 0:00:29]} Nd1 {[%emt 0:00:00]} 81. Kd2 {[%emt 0:00:39]} Nb2 {[%emt 0:00:00]} 82. Kc3 {[%emt 0:00:45]} e4 {[%emt 0:00:00]} 83. fxe4 {[%emt 0:00:23]} f3 {[%emt 0:00:00]} 84. Kd2 {[%emt 0:00:09]} Nxc4+ {[%emt 0:00:00]} 85. Bxc4 {[%emt 0:00:10]} Kxc4 {[%emt 0:00:00]} 86. Ke3 {[%emt 0:00:08]} b5 {[%emt 0:00:00]} 87. Kxf3 {[%emt 0:00:04]} Kd4 {[%emt 0:00:00]} 0-1